|
|
|
|
| LEADER |
00000naa0a2200000 4500 |
| 001 |
662866 |
| 005 |
20250812143353.0 |
| 035 |
|
|
|a (RuTPU)RU\TPU\network\34025
|
| 035 |
|
|
|a RU\TPU\network\33147
|
| 090 |
|
|
|a 662866
|
| 100 |
|
|
|a 20201118d2020 k y0rusy50 ca
|
| 101 |
0 |
|
|a rus
|
| 102 |
|
|
|a RU
|
| 135 |
|
|
|a drcn ---uucaa
|
| 181 |
|
0 |
|a i
|
| 182 |
|
0 |
|a b
|
| 200 |
1 |
|
|a Механические и триботехнические свойства композитов на основе термопластичного полиимида с разными видами ПТФЭ-наполнителя
|f С. В. Панин, Ло Цзянкунь, Л. А. Корниенко [и др.]
|
| 203 |
|
|
|a Текст
|c электронный
|
| 300 |
|
|
|a Заглавие с экрана
|
| 320 |
|
|
|a [Библиогр.: 4 назв.]
|
| 463 |
|
|
|t Техника и технология нефтехимического и нефтегазового производства
|o материалы 10-й Международной научно-технической конференции, Омск, 26-29 февраля 2020
|f Омский государственный технический университет (ОмГТУ), Нефтехимический институт (НХИ)
|v [С. 206-207]
|d 2020
|
| 610 |
1 |
|
|a электронный ресурс
|
| 610 |
1 |
|
|a труды учёных ТПУ
|
| 610 |
1 |
|
|a механические свойства
|
| 610 |
1 |
|
|a триботехнические свойства
|
| 610 |
1 |
|
|a композиты
|
| 610 |
1 |
|
|a термопластичные полимеры
|
| 610 |
1 |
|
|a ПТФЭ
|
| 701 |
|
1 |
|a Панин
|b С. В.
|c специалист в области материаловедения
|c профессор Томского политехнического университета, доктор технических наук
|f 1971-
|g Сергей Викторович
|3 (RuTPU)RU\TPU\pers\26548
|9 12237
|
| 701 |
|
0 |
|a Ло Цзянкунь
|
| 701 |
|
1 |
|a Корниенко
|b Л. А.
|g Людмила Александровна
|
| 701 |
|
1 |
|a Буслович
|b Д. Г.
|c специалист в области материаловедения
|c ассистент Томского политехнического университета
|f 1993-
|g Дмитрий Геннадьевич
|3 (RuTPU)RU\TPU\pers\39699
|
| 701 |
|
1 |
|a Алексеенко
|b В. О.
|c специалист в области материаловедения
|c инженер Томского политехнического университета
|f 1991-
|g Владислав Олегович
|3 (RuTPU)RU\TPU\pers\39698
|
| 712 |
0 |
2 |
|a Национальный исследовательский Томский политехнический университет
|b Инженерная школа новых производственных технологий
|b Отделение материаловедения
|3 (RuTPU)RU\TPU\col\23508
|
| 801 |
|
1 |
|a RU
|b 63413507
|c 20141010
|
| 801 |
|
2 |
|a RU
|b 63413507
|c 20201118
|g RCR
|
| 856 |
4 |
|
|u http://oge.omgtu.ru/2020/files/t_OGE2020.pdf#page=206
|
| 942 |
|
|
|c CF
|